Contractors` estimating procedures: an overview (Record no. 91443)

MARC details
000 -LEADER
fixed length control field 00780cam a2200265 4500
008 - FIXED-LENGTH DATA ELEMENTS--GENERAL INFORMATION
fixed length control field 090401t1987 xxu||||| |||| 00| 0 eng d
020 ## - INTERNATIONAL STANDARD BOOK NUMBER
International Standard Book Number 085406334X
035 ## - SYSTEM CONTROL NUMBER
System control number (Sirsi) u44132
041 ## - LANGUAGE CODE
Language code of text/sound track or separate title eng
050 ## - LIBRARY OF CONGRESS CALL NUMBER
Classification number 692.5
090 ## - LOCALLY ASSIGNED LC-TYPE CALL NUMBER (OCLC); LOCAL CALL NUMBER (RLIN)
Classification number (OCLC) (R) ; Classification number, CALL (RLIN) (NR) RICS 1987/70 ABCD
100 ## - MAIN ENTRY--PERSONAL NAME
Personal name Azzaro, David
245 ## - TITLE STATEMENT
Title Contractors` estimating procedures: an overview
260 ## - PUBLICATION, DISTRIBUTION, ETC.
Place of publication, distribution, etc. London
Name of publisher, distributor, etc. Surveyors Publications
Date of publication, distribution, etc. 1987
300 ## - PHYSICAL DESCRIPTION
Extent 16p. ; 30cm.
350 ## - PRICE (NR) (BK AM CF MU VM SE) [OBSOLETE]
Price 2.95
490 ## - SERIES STATEMENT
Series statement Technical papers on quantity surveying
Volume/sequential designation Subjects
520 ## - SUMMARY, ETC.
Summary, etc. Published on behalf of the Royal Institution of Chartered Surveyors .
650 ## - SUBJECT ADDED ENTRY--TOPICAL TERM
Topical term or geographic name entry element BUILT ENVIRONMENT-BUILDING COSTS
650 ## - SUBJECT ADDED ENTRY--TOPICAL TERM
Topical term or geographic name entry element PRELIMINARIES
700 ## - ADDED ENTRY--PERSONAL NAME
Personal name Hubbard, Julie
700 ## - ADDED ENTRY--PERSONAL NAME
Personal name Robertson, Douglas
942 ## - ADDED ENTRY ELEMENTS (KOHA)
Suppress in OPAC 0
948 ## - LOCAL PROCESSING INFORMATION (OCLC); SERIES PART DESIGNATOR (RLIN)
c (OCLC) 04/03/1997
Holdings
Withdrawn status Lost status Source of classification or shelving scheme Damaged status Not for loan Home library Current library Shelving location Date acquired Cost, normal purchase price Total Checkouts Full call number Barcode Date last seen Copy number Cost, replacement price Price effective from Koha item type Date last checked out
    Dewey Decimal Classification     Historic collection Historic collection RICS Boxes 22/03/1993 2.95   RICS 1987/70 30044019 06/08/2019 1 2.95 06/08/2019 Archive  
    Dewey Decimal Classification     London London RICS Boxes 22/03/1993 2.95   RICS 1987/70 30044011 06/08/2019 2 2.95 06/08/2019 Reference material  
    Dewey Decimal Classification     London London RICS Boxes 22/03/1993 2.95 2 RICS 1987/70 30044015 06/08/2019 3 2.95 06/08/2019 Book 11/12/2001